000 00797nam a22002777a 4500
001 7514
003 FISKH
005 20250722155222.0
008 250722b cb ||||| |||| 00| 0 eng d
020 _a9788956355023
040 _aFISKH
_beng
_cFISKH
_dFISKH
050 _aPZ7
082 _a398.2
100 _aSormark, Julie
245 _aThe elves and the shoemaker /
_cthrough the Art Style of Vincent Van Gogh : Retold by Julie Sormark
260 _aSeoul :
_be-future ,
_c2010.
300 _a35 pages :
_bcolor illustrations ;
_c23 cm .
490 _aArt classic stories
505 _aK
521 8 _a510
_bLexile estimate
521 8 _aK
_bRaz-Plus
650 _aVisual arts
_vNon-fiction
700 _aSoribom
_eIllustrator
942 _2ddc
_cBK
_n0
999 _c7514
_d7514